Eastern Utah Libraries Catalog: Duchesne, Heber, Roosevelt, & Vernal

Men are from Mars, women are from Venus : (Record no. 8453)

MARC details
000 -LEADER
fixed length control field 01032cam a22003498a 4500
003 - CONTROL NUMBER IDENTIFIER
control field XX-XxUND
005 - DATE AND TIME OF LATEST TRANSACTION
control field 20241220104759.0
008 - FIXED-LENGTH DATA ELEMENTS--GENERAL INFORMATION
fixed length control field 910927s1992 nyu 000 0 eng
001 - CONTROL NUMBER
control field 25201010
010 ## - LIBRARY OF CONGRESS CONTROL NUMBER
LC control number 91058370
020 ## - INTERNATIONAL STANDARD BOOK NUMBER
International Standard Book Number 006016848X
020 ## - INTERNATIONAL STANDARD BOOK NUMBER
Terms of availability $20.00 ($26.75 Can.)
035 ## - SYSTEM CONTROL NUMBER
System control number (Sirsi) i9780060168483
040 ## - CATALOGING SOURCE
Transcribing agency XX-XxUND
049 ## - LOCAL HOLDINGS (OCLC)
Holding library UUPD
099 ## - LOCAL FREE-TEXT CALL NUMBER (OCLC)
Classification number 646.78
-- G779
-- me
082 ## - DEWEY DECIMAL CLASSIFICATION NUMBER
Classification number 646.78 GRA 1992
092 ## - LOCALLY ASSIGNED DEWEY CALL NUMBER (OCLC)
Classification number 646.78 GRA 1992
100 1# - MAIN ENTRY--PERSONAL NAME
Personal name Gray, John,
Dates associated with a name 1951-
9 (RLIN) 37029
245 10 - TITLE STATEMENT
Title Men are from Mars, women are from Venus :
Remainder of title a practical guide for improving communication and getting what you want in your relationships /
Statement of responsibility, etc John Gray.
250 ## - EDITION STATEMENT
Edition statement 1st ed.
260 ## - PUBLICATION, DISTRIBUTION, ETC. (IMPRINT)
Place of publication, distribution, etc New York, NY :
Name of publisher, distributor, etc HarperCollins,
Date of publication, distribution, etc c1992.
263 ## - PROJECTED PUBLICATION DATE
Projected publication date 9205
300 ## - PHYSICAL DESCRIPTION
Extent x, 286 p. ;
Dimensions 22 cm.
650 #0 - SUBJECT ADDED ENTRY--TOPICAL TERM
Topical term or geographic name as entry element Marriage.
9 (RLIN) 6099487
650 #0 - SUBJECT ADDED ENTRY--TOPICAL TERM
Topical term or geographic name as entry element Communication in marriage.
9 (RLIN) 6099488
650 #0 - SUBJECT ADDED ENTRY--TOPICAL TERM
Topical term or geographic name as entry element Interpersonal relations.
9 (RLIN) 6099489
913 00 -
-- GRAMAFM99000
942 ## - ADDED ENTRY ELEMENTS (KOHA)
Koha item type BOOK
979 ## -
-- 287520
998 ## - LOCAL CONTROL INFORMATION (RLIN)
-- a15864
Holdings
Withdrawn status Lost status Source of classification or shelving scheme Damaged status Not for loan Collection code Home library Current library Shelving location Date acquired Source of acquisition Cost, normal purchase price Total Checkouts Total Renewals Full call number Barcode Date last seen Date checked out Cost, replacement price Price effective from Koha item type
    Dewey Decimal Classification     General NonFiction Wasatch County Library Wasatch County Library Second Floor 01/17/2020 Donation 23.00 8 10 646.7 Gra 34301001653163 02/08/2025 02/03/2025 23.00 03/20/2020 BOOK
This project was made possible through a grant from the Institute of Museum and Library Service administered by the Utah State Library Division.

Wasatch County Library

  • 465 East 1200 South, Heber City, Utah 84032
  • Phone 435-654-1511 | Fax 435-654-6456

Hours

  • Monday - Friday 9:30 AM - 8:00 PM
  • Saturday 9:30 AM - 1:30 PM
  • Closed Sundays and Holidays